Library of the University of Algiers 3
Ibrahim Sultan Cheibout
شعار جامعة الجزائر 3
مكتبة جامعة الجزائر 3
إبراهيم سلطان شيبوط

La minoir et la puce : (رقم التسجيلة. 33326)

تفاصيل مارك
000 -LEADER
fixed length control field 00339nam a2200145Ia 4500
003 - CONTROL NUMBER IDENTIFIER
control field Ost
005 - DATE AND TIME OF LATEST TRANSACTION
control field 20260225132538.0
008 - FIXED-LENGTH DATA ELEMENTS--GENERAL INFORMATION
fixed length control field 260225s9999||||xx |||||||||||||| ||und||
040 ## - CATALOGING SOURCE
Transcribing agency fsic
041 ## - LANGUAGE CODE
Language code of text/sound track or separate title fre
082 ## - DEWEY DECIMAL CLASSIFICATION NUMBER
Classification number 621.381
245 #0 - TITLE STATEMENT
Title La minoir et la puce :
245 #0 - TITLE STATEMENT
Remainder of title la troisième révolution industrielle /
942 ## - ADDED ENTRY ELEMENTS (KOHA)
Koha item type كتب
المقتنيات
Withdrawn status Lost status Source of classification or shelving scheme Damaged status Not for loan Home library Current library Date acquired Serial enumeration / chronology Inventory number Total checkouts Full call number Barcode Date last seen Price effective from Koha item type
    Dewey Decimal Classification   NOT LOAN / إعارة داخلية مكتبة كلية علوم الإعلام والاتصال مكتبة كلية علوم الإعلام والاتصال 25/02/2026 Salle de prêt J35050   FJ2376/1 J35050 25/02/2026 25/02/2026 كتب

موارد الويب المفتوحة


© University of Algiers 3 All Rights Reserved
|
Implemented by LECHELAH Riad